Lo pequeño es hermoso
Guardat en:
| Autor principal: | |
|---|---|
| Format: | Llibre |
| Idioma: | espanyol |
| Publicat: |
Madrid
H. Blume
1978
|
| Col·lecció: | Ciencia, tecnología, sociedad, 4
|
| Matèries: | |
| Etiquetes: |
Afegir etiqueta
Sense etiquetes, Sigues el primer a etiquetar aquest registre!
|
MARC
| LEADER | 00000nam a2200000 a 4500 | ||
|---|---|---|---|
| 001 | UCY7283 | ||
| 003 | CL-VaPUC | ||
| 008 | 950609e19780000SP |||||||||||||||||spa|d | ||
| 082 | 0 | 4 | |a 301 |b SCH |2 21 |
| 100 | 0 | |a Schumacher, E. F |e author |9 337689 | |
| 245 | 1 | 3 | |a Lo pequeño es hermoso |
| 300 | |a 310 p | ||
| 942 | |c BK | ||
| 945 | |d 19950609 00:00:00 |a cmena | ||
| 260 | |a Madrid |b H. Blume |c 1978 | ||
| 650 | 0 | |a Sociología |9 255410 | |
| 650 | 0 | |a Ciencias sociales |9 256351 | |
| 650 | 0 | |a Desarrollo industrial |9 322675 | |
| 650 | 0 | |a Energía nuclear |9 255228 | |
| 650 | 0 | |a Países en desarrollo |9 259663 | |
| 650 | 0 | |a Desarrollo económico y social |9 256320 | |
| 583 | |a last modification |c 20120105 08:38:21 |k Rodrigo Vera | ||
| 490 | 0 | |a Ciencia, tecnología, sociedad, 4 | |
| 999 | |c 234697 |d 234695 | ||
| 952 | |0 0 |1 0 |4 0 |6 301_000000000000000_SCH_1978 |7 0 |8 P |9 241319 |a BIBEDU |b BIBEDU |c BIBEDU_PB |d 2019-11-18 |i 1517937 |o 301 SCH 1978 |p 1517937 |r 2024-01-25 |w 2019-11-18 |y BK |k EDU | ||
| 952 | |0 0 |1 0 |4 0 |6 301_000000000000000_SCH_1978 |7 0 |8 A |9 241320 |a BIBENE |b BIBENE |d 2019-11-18 |i 3277062 |o 301 SCH 1978 |p 3277062 |r 2025-01-15 |w 2019-11-18 |y BK |k ICO | ||
| 952 | |0 0 |1 0 |4 0 |6 301_000000000000000_SCH_1978 |7 0 |8 A |9 241321 |a BIBENE |b BIBENE |d 2019-11-18 |i 194505K |o 301 SCH 1978 |p 194505K |r 2025-01-15 |w 2019-11-18 |y BK |k ICO | ||